<?xml version="1.0" encoding="UTF-8"?>
<record
    xmlns:xsi="http://www.w3.org/2001/XMLSchema-instance"
    xsi:schemaLocation="http://www.loc.gov/MARC21/slim http://www.loc.gov/standards/marcxml/schema/MARC21slim.xsd"
    xmlns="http://www.loc.gov/MARC21/slim">

  <leader>00621nam a22001697a 4500</leader>
  <datafield tag="999" ind1=" " ind2=" ">
    <subfield code="c">216453</subfield>
    <subfield code="d">216453</subfield>
  </datafield>
  <controlfield tag="005">20260318131027.0</controlfield>
  <controlfield tag="008">260318b           ||||| |||| 00| 0 eng d</controlfield>
  <datafield tag="040" ind1=" " ind2=" ">
    <subfield code="a">LC</subfield>
    <subfield code="c">UNZA</subfield>
    <subfield code="d">UNZA</subfield>
    <subfield code="e">RDA</subfield>
  </datafield>
  <datafield tag="099" ind1=" " ind2=" ">
    <subfield code="a">GOV. ZAM (O2) 2020</subfield>
  </datafield>
  <datafield tag="110" ind1=" " ind2=" ">
    <subfield code="a">Zambia Statistics Agency</subfield>
  </datafield>
  <datafield tag="245" ind1=" " ind2=" ">
    <subfield code="a">Ministry of labour and Social Security :</subfield>
    <subfield code="b">2020 child  labour report  / </subfield>
    <subfield code="c">Zambia Statistics Agency</subfield>
  </datafield>
  <datafield tag="260" ind1=" " ind2=" ">
    <subfield code="a">Lusaka :</subfield>
    <subfield code="b">Zambia Statistics Agency</subfield>
  </datafield>
  <datafield tag="300" ind1=" " ind2=" ">
    <subfield code="a">96 pages :</subfield>
    <subfield code="b">illuatrations.</subfield>
  </datafield>
  <datafield tag="650" ind1=" " ind2=" ">
    <subfield code="a">Child labour</subfield>
    <subfield code="z">Zambia.</subfield>
  </datafield>
  <datafield tag="856" ind1=" " ind2=" ">
    <subfield code="u">https://www.mlss.gov.zm/wp-content/uploads/2023/10/ZM_2020-CHILD-LABOUR-REPORT.pdf</subfield>
  </datafield>
  <datafield tag="942" ind1=" " ind2=" ">
    <subfield code="c">GOV-PUBS</subfield>
  </datafield>
  <datafield tag="952" ind1=" " ind2=" ">
    <subfield code="0">0</subfield>
    <subfield code="1">0</subfield>
    <subfield code="2">lcc</subfield>
    <subfield code="4">0</subfield>
    <subfield code="7">0</subfield>
    <subfield code="a">MAIN</subfield>
    <subfield code="b">MAIN</subfield>
    <subfield code="c">SPECIAL</subfield>
    <subfield code="d">2026-03-18</subfield>
    <subfield code="l">0</subfield>
    <subfield code="o">GOV. ZAM (02)  2020</subfield>
    <subfield code="p">33729006793702</subfield>
    <subfield code="r">2026-03-18 00:00:00</subfield>
    <subfield code="t">C.1</subfield>
    <subfield code="u">https://www.mlss.gov.zm/wp-content/uploads/2023/10/ZM_2020-CHILD-LABOUR-REPORT.pdf</subfield>
    <subfield code="w">2026-03-18</subfield>
    <subfield code="y">GOV-PUBS</subfield>
  </datafield>
</record>
